Statistics for F1 Winners: Detroit Grand Prix

Click here to take the quiz!

General Stats

  • This quiz has been taken 10 times
  • The average score is 6 of 7

Answer Stats

SeasonDriver% Correct
1985Keke Rosberg
100%
1986 | 1987 | 1988Ayrton Senna
100%
1984Nelson Piquet
86%
1982John Watson
71%
1983Michele Alboreto
43%

Score Distribution

Percentile by Number Answered

Percent of People with Each Score

Your Score History

You have not taken this quiz